01205nam a2200301 a 4500001001000000005001700010041000800027044000800035084002000043100004500063245005400108260005900162300002900221440002600250500007100276500005600347500009700403500004700500500001000547546002400557650005200581650005600633650003400689650004500723700004100768700004400809740005000853BRCA_341320190320204254.0 aeng aenk a702b.H37c19301 aCervantes Saavedra, Miguel ded1547-161610aStories from Don QuixotecRetold by H. L. Havell. aLondres : Bombay : SidneybGeorge Harrap and Co.c1930 axix, 232 p.bil.c20 cm. 0aTold Through the Ages aContenido : Prefacio del traductor. Texto compendiado de la novela aEdición : With 8 Illustrations by Ernest Marriott aEjemplar por completo igual al anterior [701]. Tela; lomo y plano adornados Lúdovik Osterc aEstado físico : Dedicatoria en la guarda aQMB10 aTexto en : inglés14aNovela españolayÉpoca clásica, 1500-170014aLiteratura españolayÉpoca clásica, 1500-170014aNovela españolaySiglo XVII14aDon Quijote (Personaje ficticio)eNovela1 aHavell, Herbert Lordd?-1913eEditor1 aMarriott, Ernestd1882-1918eIlustrador0 aEl Ingenioso Hidalgo Don Quijote de la Mancha